Algunos aspectos relativos a la conservación y manejo de los Crocodylia en Colombia (Registro nro. 506)

Detalles MARC
000 -CABECERA
Campo de control 00670nam a2200217 a 4500
005 - FECHA Y HORA DE LA ULTIMA TRANSACCION
Campo de control 20200104041512.0
008 - ELEMENTOS DE LONGITUD FIJA—INFORMACION GENERAL
Campo de control 140220b1982 mx ||||| |||| 00| 0 spa d
040 ## - FUENTE DE CATALOGACIÓN
Agencia catalogadora original CO-BoIAVH
Agencia transcriptora CO-BoIAVH
041 ## - IDIOMA
Código de idioma para texto/pista de sonido o título separado Español
044 ## - PAÍS DE PUBLICACIÓN
País de publicación México
090 ## - CLASIFICACIÓN LOCAL
Colección IND-I
Consecutivo 70
100 ## - ASIENTO PRINCIPAL--NOMBRE PERSONAL
Nombre personal Pachón Rivera, Jesús Ernesto
9 (RLIN) 8016
245 10 - MENCION DE TITULO
Título Algunos aspectos relativos a la conservación y manejo de los Crocodylia en Colombia
260 ## - PUBLICACION, DISTRIBUCION, ETC. (PIE DE IMPRENTA)
Lugar de publicación, distribución, etc. México
Nombre del editor, distribuidor, etc. Inderena
Fecha de publicación, distribución, etc. 1982
300 ## - DESCRIPCION FISICA
Extensión 46 paginas.;
Dimensiones 34 x 23 cm
650 #6 - ASIENTO SECUNDARIO DE MATERIA - TERMINO TEMATICO
Término temático o nombre geográfico como elemento de entrada Manejo de biodiversidad
9 (RLIN) 2614
650 #6 - ASIENTO SECUNDARIO DE MATERIA - TERMINO TEMATICO
Término temático o nombre geográfico como elemento de entrada Conservación de biodiversidad
9 (RLIN) 345
650 #6 - ASIENTO SECUNDARIO DE MATERIA - TERMINO TEMATICO
Término temático o nombre geográfico como elemento de entrada Ecología de poblaciones
9 (RLIN) 3557
662 ## - ASIENTO SECUNDARIO DE MATERIA - JERARQUIA DEL NOMBRE DE LUGAR(
País o entidad mayor Colombia
942 ## - ELEMENTOS ADICIONALES (KOHA)
Tipo de ítem Informe Técnico
Sistema de clasificación Local
Koha issues (borrowed), all copies 1
Existencias
Withdrawn status Lost status Sistema de Clasificación Damaged status No para préstamo Colección Ubicación Permanente Ubicación actual Fecha de adquisición Fuente de adquisición Total Checkouts Número topográfico Inventario / Código de Barras Date last seen Date checked out Ejemplar Price effective from Forma de adquisición Tipo de material
    Local     Fondo Inderena Bogotá Bogotá 01/08/1998 Inderena 1 IND-I-70 003539 18/02/2016 18/02/2016 Ej. 1 04/12/2012 Traslado Inderena Informe Técnico